Statistics for Title in the Lyrics - Coldplay

Click here to take the quiz!

General Stats

  • This quiz has been taken 182 times
  • The average score is 8 of 13

Answer Stats

LyricsSong Name% Correct
Look at the stars, Look how they shine for you, And everything you do, Yeah, they were all ______.Yellow
96%
Confusion never stops. Closing walls and ticking ______. Gonna, come back and take you home. I could not stop that you now know, singingClocks
94%
Lights will guide you home. And ignite your bones. And I will try to ____ ____.Fix You
94%
'Cause you're a sky, 'cause you're _ ___ ____ __ _____, I'm gonna give you my heart 'Cause you're a sky, 'Cause you're _ ___ ____ __ _____. 'Cause you light up the path.A Sky Full of Stars
83%
All that noise, and all that sound. All those places I have found. And birds go flying at the ______ __ ______. To show you how it all beganSpeed of Sound
72%
And I never meant to cause you ______, And I never meant to do you wrong, And I, well, if I ever caused you ______, Oh no, I never meant to do you harm.Trouble
58%
Just because I'm losing, Doesn't mean I'm ____. Doesn't mean I'll stop. Doesn't mean I would cross.Lost!
50%
I took my love down to ______ ____. There we sat in snow. All the time she was silent and stillViolet Hill
47%
Fixing up a car to drive in it again. Searching for the water, hoping for the rain. __ ___ __, __ ___ __.Up&Up
45%
Oh you, used your heart as a weapon, And it _____ __ _______.Hurts Like Heaven
41%
And ___ ______ ____, Was letting go, not taking part. Was ___ ______ ____.The Hardest Part
41%
So you don't know where you're going, and you wanna _____. And you feel like you're going where you've been before.Talk
39%
Did she want me to change. Well, I change for good. And I want you to know. But you always get your way. I wanted to say, Don't you ______.Shiver
38%

Score Distribution

Percentile by Number Answered

Percent of People with Each Score

Your Score History

You have not taken this quiz